[Event "GER-ch U18 Girls"]
[Site "Willingen"]
[Date "2007.05.29"]
[Round "5"]
[White "Zikeli, Saskia"]
[Black "Tovmasian, Nelli"]
[Result "0-1"]
[WhiteElo "2044"]
[BlackElo "1877"]
[PlyCount "54"]
[EventDate "2007.05.26"]
[EventType "swiss"]
[EventRounds "9"]
[EventCountry "GER"]
[SourceTitle "CBM 118 Extra"]
[Source "ChessBase"]
[SourceDate "2007.07.04"]
[SourceVersion "1"]
[SourceVersionDate "2007.07.04"]
[SourceQuality "1"]

1. e4 c5 2. Nf3 Nc6 3. d4 cxd4 4. Nxd4 Nf6 5. Nc3 e6 6. Ndb5 Bc5 7. Bf4 0-0 8. Bc7 Qe7 9. Bd6 Bxd6 10. Qxd6 Qd8 11. 0-0-0 a6 12. Nd4 Qb6 13. Nxc6 bxc6 14. Qg3 d5 15. e5 Nd7 16. Rd2 c5 17. f4 f6 18. Be2 Rb8 19. Nd1 c4 20. Re1 Nc5 21. exf6 Rxf6 22. Bf3 Bd7 23. Rf1 c3 24. Rdf2 cxb2+ 25. Kb1 Bb5 26. Rh1 Bc4 27. a3 Qa5 0-1

[Event "GER-ch U18 Girls"]
[Site "Willingen"]
[Date "2007.05.28"]
[Round "3"]
[White "Erben, Larissa"]
[Black "Tovmasian, Nelli"]
[Result "1-0"]
[WhiteElo "1885"]
[BlackElo "1877"]
[PlyCount "145"]
[EventDate "2007.05.26"]
[EventType "swiss"]
[EventRounds "9"]
[EventCountry "GER"]
[SourceTitle "CBM 118 Extra"]
[Source "ChessBase"]
[SourceDate "2007.07.04"]
[SourceVersion "1"]
[SourceVersionDate "2007.07.04"]
[SourceQuality "1"]

1. e4 c5 2. Nf3 Nc6 3. d4 cxd4 4. Nxd4 Nf6 5. Nc3 e6 6. Ndb5 Bc5 7. Bf4 0-0 8. Bc7 Qe7 9. Bd6 Bxd6 10. Qxd6 Qd8 11. 0-0-0 a6 12. Nd4 Ne8 13. Nxc6 bxc6 14. Qg3 d5 15. e5 Qb6 16. Qh4 Rb8 17. Bd3 h6 18. Na4 Qa5 19. b3 Rb7 20. Qd4 Rb4 21. Qa7 f6 22. Qe7 f5 23. a3 Rb7 24. Qc5 Qxc5 25. Nxc5 Ra7 26. h4 Nc7 27. a4 a5 28. Rh3 Rf7 29. h5 Re7 30. Rg1 Ba6 31. Nxa6 Nxa6 32. Bxa6 Rxa6 33. g4 Rf7 34. g5 hxg5 35. Rxg5 Kh7 36. Rg6 Re7 37. Rc3 Kh8 38. Kd2 Kg8 39. Rcg3 Kh7 40. Rc3 Kg8 41. Ke3 Kh7 42. Kd4 Rb6 43. Kc5 Rbb7 44. Rcg3 Ra7 45. Rg2 Rac7 46. f3 Rcd7 47. c3 Rb7 48. Rb2 Rbd7 49. f4 d4 50. cxd4 Rd5+ 51. Kc4 Red7 52. Rd2 c5 53. Rxe6 Rxd4+ 54. Rxd4 Rxd4+ 55. Kxc5 Rxf4 56. Re8 g5 57. hxg6+ Kxg6 58. Rf8 Kg7 59. Rf6 Rb4 60. Rxf5 Rxb3 61. e6 Kg6 62. Rf1 Re3 63. Kd6 Rd3+ 64. Ke7 Rd4 65. Kf8 Rd8+ 66. Ke7 Rd4 67. Ke8 Rxa4 68. e7 Rh4 69. Kd7 Rd4+ 70. Ke6 Re4+ 71. Kd6 Rd4+ 72. Ke5 Rd2 73. e8Q+ 1-0

[Event "GER-ch U18 Girls"]
[Site "Willingen"]
[Date "2007.05.27"]
[Round "2"]
[White "Tovmasian, Nelli"]
[Black "Ludwig, Lisa"]
[Result "1-0"]
[WhiteElo "1877"]
[BlackElo "1555"]
[PlyCount "43"]
[EventDate "2007.05.26"]
[EventType "swiss"]
[EventRounds "9"]
[EventCountry "GER"]
[SourceTitle "CBM 118 Extra"]
[Source "ChessBase"]
[SourceDate "2007.07.04"]
[SourceVersion "1"]
[SourceVersionDate "2007.07.04"]
[SourceQuality "1"]

1. e4 e6 2. d4 d5 3. Nd2 Nf6 4. e5 Nfd7 5. c3 c5 6. f4 Nc6 7. Ndf3 Be7 8. h3 f6 9. Bd3 cxd4 10. cxd4 Nb6 11. Ne2 a5 12. b3 Bd7 13. 0-0 Rc8 14. Ng3 Na7 15. f5 0-0 16. fxe6 Bxe6 17. Nf5 fxe5 18. Nxe5 Bf6 19. Qh5 Bxf5 20. Bxf5 g6 21. Be6+ Kg7 22. Qh6+ 1-0

[Event "Schleswig Holstein-ch M 62nd"]
[Site "Itzehoe"]
[Date "2007.04.07"]
[Round "8"]
[White "Schuette, Andreas"]
[Black "Tovmasian, Nelli"]
[Result "1-0"]
[WhiteElo "2118"]
[BlackElo "1877"]
[PlyCount "76"]
[EventDate "2007.03.31"]
[EventType "swiss"]
[EventRounds "9"]
[EventCountry "GER"]
[SourceTitle "EXT 2010"]
[Source "ChessBase"]
[SourceDate "2010.11.25"]
[SourceVersion "1"]
[SourceVersionDate "2010.11.25"]
[SourceQuality "1"]

1. e4 c5 2. Nf3 Nc6 3. Bb5 Nd4 4. Nxd4 cxd4 5. 0-0 e5 6. d3 a6 7. Bc4 Nf6 8. c3 Bc5 9. cxd4 Bxd4 10. Nc3 b5 11. Bb3 0-0 12. Bg5 Qb6 13. Qf3 b4 14. Nd1 Bb7 15. Rb1 Rac8 16. Ne3 Rc6 17. Nf5 Re8 18. Qg3 Nh5 19. Qg4 Nf4 20. Bxf4 exf4 21. Qxf4 Rf6 22. Qg5 Rxf5 23. Qxf5 Re7 24. Kh1 Bc6 25. f4 g6 26. Qg5 Re8 27. f5 d5 28. fxg6 hxg6 29. Bxd5 Bxd5 30. Qxd5 Bf2 31. Rbd1 Rd8 32. Qg5 Qd4 33. Qf4 Be3 34. Qxf7+ Kh8 35. Rf3 Bh6 36. Rh3 Qg7 37. Rxh6+ Qxh6 38. Qf6+ Kh7 1-0

[Event "Schleswig Holstein-ch M 62nd"]
[Site "Itzehoe"]
[Date "2007.04.01"]
[Round "2"]
[White "Tovmasian, Nelli"]
[Black "Weber, Bernhard"]
[Result "0-1"]
[WhiteElo "1877"]
[BlackElo "2152"]
[PlyCount "96"]
[EventDate "2007.03.31"]
[EventType "swiss"]
[EventRounds "9"]
[EventCountry "GER"]
[SourceTitle "EXT 2010"]
[Source "ChessBase"]
[SourceDate "2010.11.25"]
[SourceVersion "1"]
[SourceVersionDate "2010.11.25"]
[SourceQuality "1"]

1. e4 e5 2. Nf3 Nf6 3. Nxe5 d6 4. Nf3 Nxe4 5. Bc4 d5 6. 0-0 dxc4 7. Re1 Be6 8. Rxe4 Be7 9. Nc3 Nc6 10. d4 cxd3 11. cxd3 0-0 12. d4 Bd5 13. Nxd5 Qxd5 14. Re2 Bf6 15. Be3 Rad8 16. Rd2 Rfe8 17. Qa4 Re4 18. Rad1 h6 19. b4 a6 20. Ne5 Nxd4 21. Rxd4 Rxd4 22. Rxd4 Qxe5 23. Rxd8+ Bxd8 24. Qd1 Be7 25. a3 Qc3 26. Bc1 c5 27. bxc5 Bxc5 28. a4 Qa1 29. g3 Qd4 30. Qc2 Qb4 31. Bd2 Qb6 32. a5 Bxf2+ 33. Kf1 Qc5 34. Qe4 Bd4 35. Qe8+ Kh7 36. Qe4+ g6 37. Qf4 Qf5 38. Qxf5 gxf5 39. Kg2 Kg6 40. Kf3 Be5 41. Ke2 Bc7 42. Kd3 h5 43. Kc4 h4 44. Be1 hxg3 45. hxg3 Kg5 46. Kd5 Kg4 47. Kc5 Kf3 48. Bc3 Kxg3 0-1

[Event "GER-ch U18 Girls"]
[Site "Willingen"]
[Date "2006.06.09"]
[Round "9"]
[White "Tovmasian, Nelli"]
[Black "Dauer, Christina"]
[Result "1-0"]
[WhiteElo "1813"]
[BlackElo "1964"]
[PlyCount "65"]
[EventDate "2006.06.03"]
[EventType "swiss"]
[EventRounds "9"]
[EventCountry "GER"]
[SourceTitle "EXT 2007"]
[Source "ChessBase"]
[SourceDate "2006.11.23"]
[SourceVersion "1"]
[SourceVersionDate "2006.11.23"]
[SourceQuality "1"]

1. e4 e6 2. d4 d5 3. Nc3 Bb4 4. exd5 exd5 5. Bd3 Nc6 6. a3 Be7 7. Nge2 Bg4 8. f3 Be6 9. Bf4 g5 10. Bg3 Bd6 11. Qd2 h6 12. 0-0-0 Bxg3 13. hxg3 Qd7 14. Na4 0-0-0 15. Nc5 Qd6 16. Nxe6 Qxe6 17. g4 Nge7 18. Rde1 Qd7 19. c3 f5 20. f4 Na5 21. Kb1 fxg4 22. Rh5 gxf4 23. Nxf4 Kb8 24. Re6 Rde8 25. Qe2 Rhf8 26. g3 c6 27. Rhxh6 Ng8 28. Rh7 Rxe6 29. Nxe6 Rf7 30. Qe5+ Kc8 31. Rh8 Qe8 32. Bf5 Rxf5 33. Qc7# 1-0

[Event "Schleswig Holstein-ch Vormeister"]
[Site "Kropp"]
[Date "2006.??.??"]
[Round "2"]
[White "Lorenzen, Sven"]
[Black "Tovmasian, Nelli"]
[Result "1/2-1/2"]
[WhiteElo "1942"]
[BlackElo "1798"]
[PlyCount "46"]
[EventDate "2006.??.??"]
[EventType "swiss"]
[EventRounds "9"]
[EventCountry "GER"]
[SourceTitle "EXT 2022"]
[Source "ChessBase"]
[SourceDate "2021.10.06"]
[SourceVersion "1"]
[SourceVersionDate "2021.10.06"]
[SourceQuality "1"]

1. e4 g6 2. d4 Bg7 3. Nf3 d6 4. h3 c6 5. Be3 Nd7 6. Nbd2 b5 7. Bd3 Nb6 8. 0-0 Nf6 9. c3 0-0 10. Ng5 e5 11. f4 exf4 12. Bxf4 Nh5 13. Be3 Bh6 14. h4 f6 15. g4 Ng7 16. Qf3 Ne8 17. Nh3 Bxg4 18. Qg3 Bxe3+ 19. Qxe3 Ng7 20. Qg3 Qd7 21. Nf2 Bh5 22. Rfe1 Rae8 23. Bf1 Qc7 1/2-1/2

[Event "BL2 Gr02 0506 (Women)"]
[Site "Germany"]
[Date "2005.11.20"]
[Round "4.6"]
[White "Tovmasian, Nelli"]
[Black "Wiesner, Franziska"]
[Result "1-0"]
[WhiteElo "1767"]
[BlackElo "1662"]
[PlyCount "61"]
[EventDate "2005.10.29"]
[EventType "team-tourn"]
[EventRounds "7"]
[EventCountry "GER"]
[SourceTitle "EXT 2007"]
[Source "ChessBase"]
[SourceDate "2006.11.23"]
[SourceVersion "1"]
[SourceVersionDate "2006.11.23"]
[SourceQuality "1"]
[WhiteTeam "Bad Koenigshofen"]
[BlackTeam "Karlsruhe II"]
[WhiteTeamCountry "GER"]
[BlackTeamCountry "GER"]

1. e4 c5 2. Nf3 Nc6 3. c3 e6 4. Bb5 a6 5. Ba4 b5 6. Bc2 d5 7. d4 Nf6 8. e5 Nd7 9. Ng5 g6 10. Qg4 Qe7 11. Nd2 cxd4 12. cxd4 Nxd4 13. Bd1 Nf5 14. Ngf3 Bg7 15. Qf4 h5 16. h4 Bh6 17. Ng5 Bxg5 18. hxg5 Nc5 19. Be2 Bb7 20. g4 Ng7 21. b4 Nd7 22. Nb3 Nb6 23. Nc5 Nc4 24. Qf6 Qf8 25. Nxb7 Qxb4+ 26. Kf1 Qf8 27. Bxc4 bxc4 28. Be3 hxg4 29. Rxh8 Qxh8 30. Nd6+ Kd7 31. Qxf7+ 1-0

[Event "BL2 Gr02 0506 (Women)"]
[Site "Germany"]
[Date "2005.10.29"]
[Round "1.6"]
[White "Kietz, Henrike"]
[Black "Tovmasian, Nelli"]
[Result "0-1"]
[WhiteElo "1425"]
[BlackElo "1767"]
[PlyCount "102"]
[EventDate "2005.10.29"]
[EventType "team-tourn"]
[EventRounds "7"]
[EventCountry "GER"]
[SourceTitle "EXT 2007"]
[Source "ChessBase"]
[SourceDate "2006.11.23"]
[SourceVersion "1"]
[SourceVersionDate "2006.11.23"]
[SourceQuality "1"]
[WhiteTeam "Leipzig Lok Mitte"]
[BlackTeam "Bad Koenigshofen"]
[WhiteTeamCountry "GER"]
[BlackTeamCountry "GER"]

1. e4 g6 2. d4 Bg7 3. Nf3 d6 4. Bf4 Nf6 5. Nc3 c5 6. dxc5 Qa5 7. Qd2 Qxc5 8. Be2 Bd7 9. 0-0 Qb4 10. Rab1 Nxe4 11. Nxe4 Qxe4 12. c3 0-0 13. Rfe1 Qa4 14. Ra1 Nc6 15. Bh6 Rac8 16. Bxg7 Kxg7 17. Bd1 Qa5 18. Bb3 Rfe8 19. Ng5 Nd8 20. Qf4 Qf5 21. Qd2 h6 22. Nf3 Ne6 23. Nd4 Qf6 24. Ne2 Rc5 25. Rf1 Bc6 26. Ng3 Nf4 27. f3 Qg5 28. Qd4+ Kg8 29. Rae1 h5 30. Rf2 h4 31. Ne4 Bxe4 32. Rxe4 Nh3+ 33. Kf1 Nxf2 34. Kxf2 Rd8 35. Rxh4 e5 36. Qg4 Qxg4 37. Rxg4 Kg7 38. Re4 f5 39. Re2 Kf6 40. g3 d5 41. Rd2 Rd6 42. Ke3 g5 43. g4 f4+ 44. Ke2 Ke7 45. Kf2 e4 46. fxe4 dxe4 47. Re2 e3+ 48. Kf3 Re5 49. Bc2 Rd2 50. Rxd2 exd2 51. h3 Re1 0-1

[Event "GER-ch U16 Girls"]
[Site "Willingen"]
[Date "2005.05.19"]
[Round "8"]
[White "Zikeli, Saskia"]
[Black "Tovmasian, Nelli"]
[Result "1-0"]
[WhiteElo "1935"]
[BlackElo "1832"]
[PlyCount "55"]
[EventDate "2005.05.14"]
[EventType "swiss"]
[EventRounds "9"]
[EventCountry "GER"]
[SourceTitle "CBM 106 Extra"]
[Source "ChessBase"]
[SourceDate "2005.07.01"]
[SourceVersion "1"]
[SourceVersionDate "2005.07.01"]
[SourceQuality "1"]

1. e4 g6 2. d4 Bg7 3. Nc3 d6 4. f4 Nf6 5. Nf3 c5 6. Bb5+ Bd7 7. e5 Ng4 8. Bxd7+ Nxd7 9. e6 Ndf6 10. exf7+ Kf8 11. Ng5 Qd7 12. d5 Nh6 13. h3 Nxf7 14. Ne6+ Kg8 15. Qd3 Nd8 16. Nxg7 Kxg7 17. Bd2 a6 18. 0-0 Nf7 19. Rae1 Rae8 20. Ne4 h6 21. c4 Rh7 22. Bc3 Qd8 23. Re2 Rg8 24. Rfe1 Kf8 25. Nxf6 exf6 26. Re6 Nh8 27. Bxf6 Qd7 28. Qe4 1-0

[Event "GER-ch U14 Girls"]
[Site "Willingen"]
[Date "2003.06.10"]
[Round "5"]
[White "Tovmasian, Nelli"]
[Black "Hofmann, Christine"]
[Result "1-0"]
[WhiteElo "1433"]
[BlackElo "1445"]
[PlyCount "59"]
[EventDate "2003.06.08"]
[EventType "swiss"]
[EventRounds "9"]
[EventCountry "GER"]
[SourceTitle "CBM 094 Extra"]
[Source "ChessBase"]
[SourceDate "2003.07.09"]
[SourceVersion "2"]
[SourceVersionDate "2003.07.09"]
[SourceQuality "1"]

1. e4 e6 2. d4 c5 3. d5 exd5 4. exd5 d6 5. c4 g6 6. Nf3 Bg7 7. Bd3 Ne7 8. 0-0 0-0 9. Nbd2 Bf5 10. Bxf5 Nxf5 11. Qb3 Qc7 12. Ne4 Re8 13. Re1 Nd7 14. Bf4 Nf6 15. Nxf6+ Bxf6 16. Qb5 Reb8 17. g4 Nd4 18. Nxd4 Bxd4 19. Re2 a6 20. Qb3 Qd7 21. Qg3 Rd8 22. Rae1 b5 23. Re7 Qc8 24. Bxd6 bxc4 25. Qf4 Rf8 26. Rc7 Qd8 27. Ree7 Rc8 28. Rcd7 Qa5 29. Rxf7 Rfe8 30. Rg7+ 1-0

[Event "GER-ch U14 Girls"]
[Site "Willingen"]
[Date "2003.06.09"]
[Round "3"]
[White "Tovmasian, Nelli"]
[Black "Zemella, Jennifer"]
[Result "0-1"]
[WhiteElo "1433"]
[BlackElo "1553"]
[PlyCount "92"]
[EventDate "2003.06.08"]
[EventType "swiss"]
[EventRounds "9"]
[EventCountry "GER"]
[SourceTitle "CBM 094 Extra"]
[Source "ChessBase"]
[SourceDate "2003.07.09"]
[SourceVersion "2"]
[SourceVersionDate "2003.07.09"]
[SourceQuality "1"]

1. e4 c5 2. Nf3 d6 3. c3 Nf6 4. Bd3 Nbd7 5. Bc2 Qc7 6. 0-0 b6 7. d4 cxd4 8. cxd4 g6 9. Nc3 Bg7 10. Re1 0-0 11. h4 Bb7 12. Nh2 Rac8 13. g4 h5 14. gxh5 Nxh5 15. Be3 Ndf6 16. Bg5 Nh7 17. Be3 Qd7 18. Qf3 Bf6 19. Ba4 Qd8 20. Qg4 e6 21. Nf3 Bg7 22. Bb3 N7f6 23. Qh3 Bxe4 24. Nxe4 Nxe4 25. Bg5 Nxg5 26. hxg5 d5 27. Rad1 a5 28. a4 Qe7 29. Qh4 Qb4 30. Rd3 Rfe8 31. Kf1 b5 32. axb5 Qxb5 33. Red1 a4 34. Ba2 Qxb2 35. R3d2 Qb5+ 36. Kg2 Qa5 37. Rb1 e5 38. dxe5 Bxe5 39. Rxd5 Qa8 40. Nxe5 Rxe5 41. Rbd1 Rd8 42. Qc4 Rexd5 43. Rxd5 Qxd5+ 44. Qxd5 Nf4+ 45. Kf3 Nxd5 46. Bxd5 Rxd5 0-1